Prières choisies pour les sacrés cœurs de Jésus et de Marie.

Bibliographic Details
Format: Book
Language:French
Published: A Caen : De l'Imprimerie de P. Chalopin, Imprimeur -Libraire, [between 1700 and 1799?]
Subjects:

MARC

Tag First Indicator Second Indicator Subfields
LEADER 00000cam a2200000Ia 4500
001 in00002232829
005 20151104192105.0
008 070424s17uu fr 000 0 fre d
035 |a (OCoLC)ocn123437474 
035 |a (OCoLC)123437474 
040 |a TXA  |c TXA  |d UtOrBLW 
049 |a TXAM 
090 |a BX2158  |b .P75 1700z 
245 0 0 |a Prières choisies pour les sacrés cœurs de Jésus et de Marie. 
264 1 |a A Caen :  |b De l'Imprimerie de P. Chalopin, Imprimeur -Libraire,  |c [between 1700 and 1799?] 
300 |a 92 pages ;  |c 14 cm. 
336 |a text  |b txt  |2 rdacontent 
337 |a unmediated  |b n  |2 rdamedia 
338 |a volume  |b nc  |2 rdacarrier 
650 0 |a Sacred Heart, Devotion to. 
600 0 0 |a Mary,  |c Blessed Virgin, Saint. 
910 |a tp3107 
994 |a C0  |b TXA 
999 |a MARS 
999 f f |s 32b67223-fddd-3eda-b45b-5d5434c3627e  |i e2c50338-308b-3921-960f-10e88d9b54a5  |t 0 
952 f f |p noncirc  |a Texas A&M University  |b College Station  |c Cushing Memorial Library & Archives  |d Cushing: Dawson French (Does not check out)  |t 0  |e BX2158 .P75 1700z  |h Library of Congress classification  |i unmediated -- volume  |m A14851977026 
998 f f |a BX2158 .P75 1700z  |t 0  |l Cushing: Dawson French (Does not check out)